| 000 | 00522nam a2200181Ia 4500 | ||
|---|---|---|---|
| 999 |
_c35511 _d35511 |
||
| 003 | OSt | ||
| 005 | 20200701131904.0 | ||
| 008 | 190216s9999||||xx |||||||||||||| ||und|| | ||
| 020 | _a0192152599 | ||
| 040 | _coclc | ||
| 082 |
_a907.2 _bTOM/A |
||
| 100 |
_aTomlin, E W F _93403 |
||
| 245 | 0 |
_aArnold Toynbee A Selection From His Works / _cE W F Tomlin |
|
| 260 |
_bOxford University Press, _c1978. _aLondon: |
||
| 300 | _a327p | ||
| 650 | _aHistory | ||
| 942 |
_cREF _2ddc _h907.2 _iTOM/A _k907.2 _mTOM/A |
||